Bankruptcy and Bonity Models Use for the Prediction of the Mining Organization Development
V dnešnej dobe, kvôli celosvetovej kríze, je potrebné predvídať a robiť prognózy budúceho vývoja spoločností z pohľadu ich finančného zdravia. Hlavne banské organizácie na Slovensku čelia problémom s bonitou, keď niekoľko spoločností vyhlásilo bankrot. Predpovedanie vývoja vo vybranej slovenskej ban...
Salvato in:
| Autore principale: | |
|---|---|
| Altri autori: | , , , |
| Natura: | Capitolo di libro |
| Lingua: | inglese |
| Soggetti: | |
| Tags: |
Nessun Tag, puoi essere il primo ad aggiungerne!!
|
MARC
| LEADER | 00000naa a2200000 4500 | ||
|---|---|---|---|
| 001 | 0304637 | ||
| 005 | 20241018115926.7 | ||
| 041 | 0 | |a eng | |
| 044 | |a SK | ||
| 245 | 1 | 0 | |a Bankruptcy and Bonity Models Use for the Prediction of the Mining Organization Development |c Katarína Čulková, Marcela Taušová, Barbara Kowal, Lucia Domaracká, Lukáš Vavlič |
| 520 | |a V dnešnej dobe, kvôli celosvetovej kríze, je potrebné predvídať a robiť prognózy budúceho vývoja spoločností z pohľadu ich finančného zdravia. Hlavne banské organizácie na Slovensku čelia problémom s bonitou, keď niekoľko spoločností vyhlásilo bankrot. Predpovedanie vývoja vo vybranej slovenskej banskej organizácii prostredníctvom najpoužívanejších bankrotových a bonitných modelov, ktoré prinášajú výsledky slúžiace na porovnávanie s firmami v čase a sektore. Výsledky boli hodnotené podľa jednotlivých oblastí finančnej pozície, ktoré najviac ovplyvnili vývoj. Takéto výsledky sú ziskové pre trvalo udržateľný rozvoj banských organizácií spolu so zabezpečovaním energetickej nezávislosti krajín. | ||
| 610 | 2 | 0 | |a baníctvo |
| 610 | 2 | 0 | |a spoločnosti |
| 610 | 2 | 0 | |a rozvoj hospodársky |
| 610 | 2 | 0 | |a udržateľnosť |
| 610 | 2 | 0 | |a stabilita finančná |
| 610 | 2 | 0 | |a bonita |
| 610 | 2 | 0 | |a zdravie podniku finančné |
| 610 | 2 | 0 | |a bankrot |
| 610 | 2 | 0 | |a predvídanie |
| 610 | 2 | 0 | |a modely ekonomické |
| 610 | 2 | 0 | |a Slovensko |
| 100 | 1 | |a Čulková, Katarína | |
| 700 | 1 | |a Taušová, Marcela | |
| 700 | 1 | |a Kowal, Barbara | |
| 700 | 1 | |a Domaracká, Lucia | |
| 700 | 1 | |a Vavlič, Lukáš, 1992- | |